Elements of queueing theory : palm-martingale calculus and stochastic recurrences
Saved in:
| Main Author: | |
|---|---|
| Other Authors: | |
| Format: | Book |
| Language: | English |
| Published: |
Berlin ; New York :
Springer,
c2003
|
| Edition: | 2η εκδ. |
| Series: | Applications of mathematics ;
; 26 |
| Subjects: | |
| Tags: |
Add Tag
No Tags, Be the first to tag this record!
|
MARC
| LEADER | 00000nam a2200000 i 4500 | ||
|---|---|---|---|
| 001 | 1/49421 | ||
| 008 | 070727s2003 eng d | ||
| 020 | |a 3-540-66088-7 | ||
| 035 | |l 10089181 | ||
| 040 | |a GR-MY-UA |b gre |e aacr | ||
| 041 | 0 | |a eng | |
| 082 | 0 | |a 519.82 |2 (22) | |
| 100 | 1 | |a Baccelli, F. |q (Francois) |d 1954- | |
| 245 | 1 | 0 | |a Elements of queueing theory : |b palm-martingale calculus and stochastic recurrences / |c Francois Baccelli, Pierre Bremaud |
| 250 | |a 2η εκδ. | ||
| 260 | |a Berlin ; New York : |b Springer, |c c2003 | ||
| 300 | |a xiv, 334 σ.; |b εικ.; |c 24 εκ. | ||
| 490 | 1 | |a Applications of mathematics |v ; 26 | |
| 504 | |a Βιβλιογραφία: σ.[317]-327. Ευρετήριο | ||
| 650 | 0 | 0 | |a Queuing theory. |
| 650 | 0 | 0 | |a Point processes. |
| 700 | 1 | |a Bremaud, Pierre. | |
| 830 | 0 | |a Applications of mathematics ; |v ; 26 | |
| 852 | |a INST |b SAMOS |e 20070727 |h 519.82 BAC |p 005300025764 |q 005300025764 |t BK |y 0 | ||
| 901 | |a BIBL3-2007-2 | ||
| 909 | |a Σ |b 135793 | ||
| 922 | |a 3ΕΛΗ |b 200706 |c ΕΠΕΑΕΚ2/ΤΣΑΕ |d ΕΛΕΥΘΕΡΟΥΔΑΚΗΣ | ||
| 970 | |a ΚΟΣΙΕΡΗΣ |b ΧΡΗΣΤΟΣ |z 2007/07/27 | ||